Представление документа в формате MARC21

Поле Инд. ПП Название Значение
Тип записи a
Библиографический уровень b
001 Контрольный номер RU/IS/BASE/283875661
005 Дата корректировки 20200522191259.8
008 Кодируемые данные 20081229
040 b Код языка каталог. rus
e Правила каталог. PSBO
041 0_ a Код языка текста rus
084 a Индекс другой классификации/Индекс ББК 60.51(7США)6
100 1_ a Автор Бакаев С. Д.
245 10 a Заглавие Мир-системный анализ Иммануила Валлерстайна
504 a Библиография Библиогр. ссылки
600 a Персоналии Валлерстайн Иммануил
650 a Основная рубрика история социологии
a Основная рубрика социология
653 a Ключевые слова капиталистическое общество
a Ключевые слова мир-империя
a Ключевые слова Мир-Система
a Ключевые слова социальное время
a Ключевые слова США
773 t Заглавие источника Вестник Московского университета. Серия 18, Социология и политология
d Дата издания источника 2008
g Прочая информация № 1. - С. 168 - 174
w Контрольный № источника RU/IS/BASE/279889919
901 t Тип документа b